000 00924nam a2200229 i 4500
001 175301
003 ES-MaACL
005 20250815054304.0
007 t|
008 101020s1974 sp f ||||1| spa d
080 _a929 González de Clavijo, Ruy
100 1 _aEzquerra Abadía, Ramón,
_d1904-1994
_948475
245 1 0 _aRuy González de Clavijo
_b: viajero por el Asia Central /
_cpor Ramón Ezquerra Abadía.
260 _aMadrid :
_bAyuntamiento de Madrid, Delegación de Educación :
_bInstituto de Estudios Madrileños,
_c1974.
300 _a26 p. , [1] de lám. ;
_c22 cm.
490 1 _aCiclo de conferencias sobre madrileños ilustres ;
_v3
600 1 7 _aGonzález de Clavijo, Ruy,
_d-1412
_2embne
_958539
710 2 _aInstituto de Estudios Madrileños
_94916
830 0 _aCiclo de conferencias sobre madrileños ilustres ;
_v3
_9189635
852 _aES-MaACL
_j2259-F-19
_xOlim P-55
999 _c175301
_d175301